[Event "8eme Open International de La Fere"]
[Site "La Fere (FRA)"]
[Date "2009.07.08"]
[Round "6.49"]
[White "Nesztler, Lambert"]
[Black "Dagnicourt, Francis"]
[Result "0-1"]
[WhiteElo "1499"]
[BlackElo "1765"]
[PlyCount "94"]
[EventDate "2009.??.??"]

1. e4 d6 2. d4 Nf6 3. Bd3 g6 4. Nf3 Bg7 5. h3 O-O 6. Be3 c6 7. Nc3 b5 8. Qd2
Ba6 9. e5 dxe5 10. dxe5 Nfd7 11. Bh6 Qc7 12. Bxg7 Kxg7 13. Qf4 Nc5 14. O-O Nbd7
15. Rfe1 Ne6 16. Qg3 Ndc5 17. Ne4 Rad8 18. Nxc5 Nxc5 19. Re3 Ne6 20. h4 c5 21.
Ng5 Nd4 22. e6 Qxg3 23. Rxg3 Nxe6 24. Bf5 Nxg5 25. Rxg5 Rd5 26. Be4 Rxg5 27.
hxg5 Rd8 28. Re1 e6 29. g4 b4 30. Bf3 Rd2 31. Rc1 c4 32. Be4 Bb5 33. Kf1 c3+
34. Ke1 Re2+ 35. Kf1 Rxe4+ 36. Kg2 Rxg4+ 37. Kh3 Rxg5 38. bxc3 bxc3 39. Rd1 Rd5
40. Rxd5 exd5 41. f3 d4 42. Kg3 d3 43. cxd3 c2 44. a3 c1=Q 45. d4 Qg1+ 46. Kf4
Qxd4+ 47. Kg3 Bc6 0-1

[Event "8eme Open International de La Fere"]
[Site "La Fere (FRA)"]
[Date "2009.07.08"]
[Round "6.50"]
[White "Siegfried, Francois"]
[Black "Wolfangel, Claude"]
[Result "1-0"]
[WhiteElo "1360"]
[BlackElo "1757"]
[PlyCount "69"]
[EventDate "2009.??.??"]

1. d4 d5 2. c4 e6 3. Nf3 Be7 4. e3 a6 5. cxd5 exd5 6. Nc3 c6 7. Bd3 Nf6 8. O-O
O-O 9. Re1 Re8 10. Qb3 Nbd7 11. Qc2 h6 12. e4 dxe4 13. Nxe4 Nxe4 14. Bxe4 Nf6
15. Be3 Nxe4 16. Qxe4 Bb4 17. Qf4 Bxe1 18. Rxe1 f6 19. Nh4 g5 20. Qg3 Qxd4 21.
Nf3 Qd7 22. h4 Qg7 23. h5 f5 24. Qd6 Bd7 25. Rd1 Rad8 26. Bd4 Qf7 27. Qxh6 Qh7
28. Qxg5+ Kf8 29. Bc5+ Kf7 30. Rd6 Qg7 31. Rg6 Rg8 32. Bd4 Qxg6 33. Ne5+ Ke6
34. hxg6 Be8 35. Qxd8 1-0

[Event "8eme Open International de La Fere"]
[Site "La Fere (FRA)"]
[Date "2009.07.08"]
[Round "6.51"]
[White "Dernoncourt, Christophe"]
[Black "Landon, Boris"]
[Result "1-0"]
[WhiteElo "1720"]
[BlackElo "1390"]
[PlyCount "103"]
[EventDate "2009.??.??"]

1. d4 d5 2. c4 Nf6 3. Nc3 c6 4. Bg5 Ne4 5. Nxe4 dxe4 6. e3 h6 7. Bf4 Qa5+ 8.
Qd2 Qxd2+ 9. Kxd2 e6 10. a3 Be7 11. Ne2 O-O 12. Nc3 f5 13. d5 Rd8 14. Rd1 cxd5
15. cxd5 exd5 16. Nb5 Na6 17. b4 Bd7 18. Nd4 Rac8 19. Be2 Nc7 20. Rc1 Ne6 21.
Nxf5 Bf8 22. Be5 g6 23. Nd6 Bxd6 24. Bxd6 Ba4 25. Be5 Nf8 26. Bg4 Bd7 27. Be2
h5 28. Rc7 Rxc7 29. Bxc7 Rc8 30. Rc1 a6 31. f3 Ne6 32. Be5 Bc6 33. fxe4 Ng5 34.
exd5 Ne4+ 35. Ke1 Re8 36. dxc6 bxc6 37. Bd4 Re6 38. Bc4 Kf7 39. Bxe6+ Kxe6 40.
Rxc6+ Kf5 41. Rxa6 g5 42. Ke2 h4 43. h3 Ng3+ 44. Kf3 Ne4 45. g4+ hxg3 46. Ra5+
Kg6 47. b5 Kh5 48. b6 Kh4 49. b7 Nd2+ 50. Kg2 Nb3 51. Ra8 Nd2 52. Rh8# 1-0

[Event "8eme Open International de La Fere"]
[Site "La Fere (FRA)"]
[Date "2009.07.08"]
[Round "6.52"]
[White "Rech, Thomas"]
[Black "Roux, Jean-Francois"]
[Result "0-1"]
[WhiteElo "1290"]
[BlackElo "1659"]
[PlyCount "96"]
[EventDate "2009.??.??"]

1. d4 Nf6 2. Nc3 d5 3. Bf4 c6 4. Nf3 e6 5. a3 Be7 6. e3 Nbd7 7. Bd3 O-O 8. e4
dxe4 9. Nxe4 Nd5 10. Bd6 Bxd6 11. Nxd6 Nf4 12. O-O Nxd3 13. Qxd3 Nf6 14. Nxc8
Rxc8 15. Rad1 Qb6 16. b4 Rfd8 17. c3 h6 18. Rd2 a5 19. Ra1 Ra8 20. Rda2 Rac8
21. Rb1 a4 22. Rc2 c5 23. dxc5 Rxd3 24. cxb6 Rdxc3 25. Rxc3 Rxc3 26. Ra1 Nd5
27. Nd4 Nxb6 28. Nb5 Rd3 29. Kf1 Nc4 30. Rc1 Nxa3 31. Rc8+ Kh7 32. Nxa3 Rxa3
33. Ra8 b5 34. Ra5 Rb3 35. Rxb5 a3 36. Ra5 Rxb4 37. Rxa3 Re4 38. Re3 Rxe3 39.
fxe3 Kg6 40. Kf2 f5 41. g3 Kf6 42. h4 g5 43. hxg5+ hxg5 44. Ke2 Ke5 45. Kf3 g4+
46. Kf2 Ke4 47. Ke2 e5 48. Kf2 Kd3 0-1

[Event "8eme Open International de La Fere"]
[Site "La Fere (FRA)"]
[Date "2009.07.08"]
[Round "6.53"]
[White "Tonneau, Bastien"]
[Black "Blondel, Francis"]
[Result "0-1"]
[WhiteElo "1199"]
[BlackElo "1616"]
[PlyCount "56"]
[EventDate "2009.??.??"]

1. d4 Nf6 2. Nf3 e6 3. Nc3 d5 4. g3 Nbd7 5. Bg2 Bb4 6. a3 Bxc3+ 7. bxc3 c5 8.
O-O Ne4 9. Qd3 c4 10. Qe3 Qa5 11. Bb2 O-O 12. Ng5 Nxg5 13. Qxg5 Nf6 14. e4 h6
15. Qe5 Bd7 16. Qf4 dxe4 17. Bxe4 Nxe4 18. Qxe4 Bc6 19. Qe5 Bd5 20. Rfe1 f5 21.
Re3 Rf6 22. Rae1 Raf8 23. Qd6 Rd8 24. Qb4 Qc7 25. Qc5 Qb8 26. Bc1 f4 27. gxf4
Qxf4 28. Rxe6 Qxf2# 0-1

[Event "8eme Open International de La Fere"]
[Site "La Fere (FRA)"]
[Date "2009.07.08"]
[Round "6.54"]
[White "Turlin, Simon"]
[Black "Brugge, Rodolphe"]
[Result "1-0"]
[WhiteElo "1610"]
[BlackElo "1220"]
[PlyCount "43"]
[EventDate "2009.??.??"]

1. e4 c5 2. Nf3 Nc6 3. c3 d6 4. d3 Nf6 5. Be3 g6 6. Nbd2 Bg7 7. Be2 O-O 8. O-O
e5 9. Re1 Bg4 10. h3 Bxf3 11. Nxf3 b6 12. Qd2 Qd7 13. Nh2 a5 14. Bh6 Bxh6 15.
Qxh6 d5 16. exd5 Nxd5 17. Bf3 Nf4 18. Ng4 Qd6 19. Re3 Nxd3 20. Rxd3 Qxd3 21.
Nf6+ Kh8 22. Qxh7# 1-0

[Event "8eme Open International de La Fere"]
[Site "La Fere (FRA)"]
[Date "2009.07.08"]
[Round "6.55"]
[White "Gosset, Hugo"]
[Black "Lever, Erwan"]
[Result "1/2-1/2"]
[WhiteElo "1099"]
[BlackElo "1601"]
[PlyCount "85"]
[EventDate "2009.??.??"]

1. d4 Nf6 2. c4 c5 3. Nf3 e6 4. Nc3 d5 5. b3 cxd4 6. Qxd4 Nc6 7. Qf4 Bb4 8. Bd2
Ne4 9. Nxe4 dxe4 10. Bxb4 exf3 11. Bc3 fxg2 12. Bxg2 f6 13. Rd1 Qe7 14. Bxc6+
bxc6 15. Ba5 Bd7 16. Qc7 a6 17. Qb7 Rc8 18. Bb4 Qd8 19. Rg1 g6 20. Bc5 Qc7 21.
Qxa6 Qxh2 22. f3 Qh4+ 23. Kf1 Qh5 24. Qa7 Qh3+ 25. Ke1 e5 26. Rd3 Qe6 27. Rd6
Qf7 28. Kf2 Bf5 29. Qb6 Qc7 30. Qxc7 Rxc7 31. Rgd1 O-O 32. Rd8 Rxd8 33. Rxd8+
Kf7 34. a4 Bc8 35. Bd6 Rd7 36. Rxc8 Rxd6 37. Rc7+ Ke6 38. a5 c5 39. Rxc5 Ra6
40. Rb5 Kd7 41. Rd5+ Kc7 42. Rb5 Ra8 43. b4 1/2-1/2

[Event "8eme Open International de La Fere"]
[Site "La Fere (FRA)"]
[Date "2009.07.08"]
[Round "6.56"]
[White "Barbry, Quentin"]
[Black "Jacob, Guillaume"]
[Result "1-0"]
[WhiteElo "1564"]
[BlackElo "1150"]
[PlyCount "63"]
[EventDate "2009.??.??"]

1. e4 e5 2. Nf3 d6 3. Nc3 Nf6 4. Bc4 Be6 5. Bb3 Be7 6. d4 Bg4 7. dxe5 Bxf3 8.
Qxf3 dxe5 9. O-O Nc6 10. Ba4 O-O 11. Bxc6 bxc6 12. Be3 Rb8 13. Rab1 c5 14. Rfd1
Nd7 15. Qg3 h6 16. Bxh6 Bf6 17. Nd5 Kh7 18. Nxf6+ Qxf6 19. Bxg7 Qxg7 20. Qxg7+
Kxg7 21. Rxd7 Rb4 22. f3 Rd4 23. Rd1 Rb8 24. b3 Rb7 25. c3 Rxd1+ 26. Rxd1 a5
27. Rd5 c6 28. Rxc5 Rb5 29. Rxb5 cxb5 30. c4 bxc4 31. bxc4 Kf8 32. h4 1-0

[Event "8eme Open International de La Fere"]
[Site "La Fere (FRA)"]
[Date "2009.07.08"]
[Round "6.57"]
[White "Dumas, Victor"]
[Black "Ruhant, Anthony"]
[Result "1-0"]
[WhiteElo "1806"]
[BlackElo "1648"]
[PlyCount "118"]
[EventDate "2009.??.??"]

1. e4 e5 2. f4 Bc5 3. Nf3 d6 4. Nc3 Nc6 5. d3 Nf6 6. Na4 Bb6 7. Nxb6 axb6 8.
Be2 Be6 9. O-O h6 10. c4 Ne7 11. h3 Rg8 12. Kh2 exf4 13. Bxf4 Ng6 14. Be3 Qe7
15. Nd4 Bd7 16. Qe1 Rd8 17. Qg3 Qe5 18. Qxe5+ dxe5 19. Nf5 b5 20. b3 Ne7 21.
Nxh6 Rh8 22. Nf5 Rh7 23. Nxe7 Kxe7 24. Bg5 Rdh8 25. Kg1 bxc4 26. bxc4 Bc6 27.
Rf5 Ke6 28. Raf1 Ra8 29. Bxf6 gxf6 30. Rxf6+ Ke7 31. R6f5 Rxa2 32. Bh5 f6 33.
Bg4 Rh6 34. R5f2 Ra3 35. Rf3 b5 36. Rc1 b4 37. Rb1 b3 38. Rb2 Rh8 39. Rf1 Ba4
40. Rfb1 Ra2 41. Bd1 Rd8 42. Bxb3 Rxb2 43. Rxb2 Rb8 44. Bxa4 Rxb2 45. c5 Rd2
46. Bb5 Kf8 47. Kh2 Kg7 48. Kg3 Kh6 49. h4 Ra2 50. Bc4 Ra3 51. Kg4 Ra1 52. Kf5
Rf1+ 53. Ke6 Kh5 54. Kd7 f5 55. exf5 Rxf5 56. g4+ Kxg4 57. Be6 Kf4 58. Bxf5
Kxf5 59. Kxc7 Kg4 1-0

[Event "8eme Open International de La Fere"]
[Site "La Fere (FRA)"]
[Date "2009.07.08"]
[Round "6.58"]
[White "Legrand, Jean-Pierre"]
[Black "Lucas, Bernard"]
[Result "0-1"]
[WhiteElo "1530"]
[BlackElo "1709"]
[PlyCount "110"]
[EventDate "2009.??.??"]

1. d4 d5 2. c4 c6 3. Nc3 Nf6 4. e3 e6 5. Bd3 Bd6 6. Nge2 Nbd7 7. cxd5 exd5 8.
Bf5 O-O 9. O-O Re8 10. Nf4 Qc7 11. Bd2 Nf8 12. Bxc8 Raxc8 13. Rc1 Qd7 14. Nce2
Ng6 15. Nxg6 hxg6 16. Ng3 Re7 17. a3 Rce8 18. Rc3 Ne4 19. Nxe4 dxe4 20. Qe2 Bc7
21. Rfc1 Qd6 22. g3 Qe6 23. R3c2 Rd7 24. Bb4 Red8 25. Rc4 Rd5 26. Rc5 Bb6 27.
Rxd5 Rxd5 28. Qf1 g5 29. a4 g4 30. b3 Rh5 31. Rc3 Qh6 32. Qg2 f5 33. a5 Bd8 34.
Rc5 Kh7 35. Re5 Qg6 36. Be7 Bc7 37. Rc5 Qf7 38. Bh4 g5 39. h3 gxh4 40. hxg4 h3
41. Qf1 h2+ 42. Kh1 fxg4 43. Rxh5+ Qxh5 44. Qc4 Qf5 45. Qb4 Qf3+ 46. Kxh2 Qxf2+
47. Kh1 Qf3+ 48. Kg1 Qxg3+ 49. Kf1 Qf3+ 50. Kg1 Qxe3+ 51. Kf1 Qf3+ 52. Kg1 Qf7
53. Qe1 Qf3 54. Qh4+ Kg6 55. b4 g3 0-1

[Event "8eme Open International de La Fere"]
[Site "La Fere (FRA)"]
[Date "2009.07.08"]
[Round "6.59"]
[White "Chevance, Gerard"]
[Black "Brugge, Alexandre"]
[Result "1-0"]
[WhiteElo "1709"]
[BlackElo "1010"]
[PlyCount "75"]
[EventDate "2009.??.??"]

1. d4 c6 2. c4 Nf6 3. Nf3 g6 4. Nc3 Bg7 5. e4 O-O 6. Be2 d5 7. e5 Ne4 8. O-O
Nxc3 9. bxc3 dxc4 10. Bxc4 b5 11. Bd3 Bf5 12. Bxf5 gxf5 13. Qc2 Qc8 14. Ba3 Re8
15. Qd3 a6 16. c4 bxc4 17. Qxc4 Qe6 18. Qc2 f6 19. Rfe1 Nd7 20. Bb2 c5 21. dxc5
Rac8 22. Nd4 Qd5 23. Nxf5 Nxc5 24. Qe2 a5 25. Qg4 Kf7 26. Qh5+ Kf8 27. Nxg7 Qf7
28. Qxf7+ Kxf7 29. exf6 Rf8 30. fxe7 Rg8 31. Nf5 Rb8 32. Nh6+ Ke8 33. Nxg8 Kf7
34. Ba3 Rc8 35. Bxc5 Rxc5 36. e8=Q+ Kg7 37. Re7+ Kh8 38. Nh6# 1-0

[Event "8eme Open International de La Fere"]
[Site "La Fere (FRA)"]
[Date "2009.07.08"]
[Round "6.60"]
[White "Biellmann, Patrick"]
[Black "Fauchart, Francois"]
[Result "0-1"]
[WhiteElo "1310"]
[BlackElo "1653"]
[PlyCount "78"]
[EventDate "2009.??.??"]

1. e4 c5 2. Nf3 e6 3. Bb5 a6 4. Be2 Nc6 5. O-O e5 6. c3 d6 7. d3 Be7 8. Be3 Nf6
9. Nfd2 O-O 10. Nb3 h6 11. N1d2 b6 12. d4 cxd4 13. cxd4 exd4 14. Nxd4 Nxd4 15.
Bxd4 Bb7 16. f3 b5 17. Qb3 Nd7 18. Rad1 Rc8 19. a4 Nc5 20. Bxc5 dxc5 21. axb5
axb5 22. Qxb5 Qc7 23. Nc4 Rfd8 24. Qb3 Rb8 25. Qc2 Ba6 26. Ra1 Bxc4 27. Bxc4
Bf6 28. Rab1 Be5 29. f4 Bxf4 30. g3 Rd2 31. Qc3 Qd6 32. Rxf4 Rf8 33. Bd5 Rd4
34. b3 g5 35. Rf5 Kg7 36. b4 f6 37. bxc5 Rd3 38. Qxd3 Qxc5+ 39. Kg2 Qd6 0-1

[Event "8eme Open International de La Fere"]
[Site "La Fere (FRA)"]
[Date "2009.07.08"]
[Round "6.61"]
[White "Vernede, Simon"]
[Black "Woyave, Pascal"]
[Result "0-1"]
[WhiteElo "1099"]
[BlackElo "1630"]
[PlyCount "82"]
[EventDate "2009.??.??"]

1. e4 e6 2. Nc3 c5 3. Nf3 Nc6 4. Bb5 Nd4 5. Nxd4 cxd4 6. Ne2 a6 7. Bd3 e5 8.
O-O Nf6 9. c3 d5 10. Ng3 Bg4 11. f3 Be6 12. Qa4+ b5 13. Qb3 dxe4 14. Qc2 exd3
15. Qxd3 Bc4 16. Qc2 Bxf1 17. Nxf1 d3 18. Qd1 Bc5+ 19. Kh1 O-O 20. b4 Bf2 21.
h3 Nd5 22. Nh2 Qg5 23. Ng4 Nf4 24. Qf1 Bb6 25. Bb2 Ne2 26. Qe1 h5 27. Nh2 Ng3+
28. Qxg3 Qxg3 29. Rf1 Bc7 30. Kg1 e4 31. f4 Bxf4 32. Rxf4 Qxf4 33. Bc1 f5 34.
a3 Rf7 35. Bb2 Qxd2 36. Ba1 Qe1+ 37. Nf1 Qxa1 38. g3 d2 39. Kf2 d1=Q 40. Kg1
Qxf1+ 41. Kh2 Qg1# 0-1

[Event "8eme Open International de La Fere"]
[Site "La Fere (FRA)"]
[Date "2009.07.08"]
[Round "6.63"]
[White "Devoitine, Thomas"]
[Black "Degraeve, Thomas"]
[Result "1-0"]
[WhiteElo "1200"]
[BlackElo "1009"]
[PlyCount "73"]
[EventDate "2009.??.??"]

1. c4 e5 2. Nc3 Nf6 3. Nf3 Bc5 4. Nxe5 d6 5. Nf3 Bf5 6. e3 Nc6 7. d4 Bb4 8. g3
O-O 9. Bg2 d5 10. c5 Ne4 11. O-O Nxc3 12. bxc3 Bxc3 13. Bd2 Bxa1 14. Qxa1 b6
15. Qb2 Be4 16. Qb5 Bxf3 17. Bxf3 Ne7 18. e4 Rc8 19. c6 dxe4 20. Bg4 f5 21. Bh5
Qxd4 22. Qb3+ Qd5 23. Qb4 Nxc6 24. Qc3 Rfd8 25. Rd1 Qd3 26. Qxc6 Rd6 27. Qb7
Rf8 28. Bb4 Qc2 29. Bxd6 cxd6 30. Qd5+ Kh8 31. Qxd6 Qc8 32. Qe7 g6 33. Rd7 Qc1+
34. Kg2 Qh6 35. Be2 Rg8 36. Qf6+ Rg7 37. Rd8# 1-0

[Event "8eme Open International de La Fere"]
[Site "La Fere (FRA)"]
[Date "2009.07.08"]
[Round "6.64"]
[White "Degraeve, Remy"]
[Black "Tonneau, Antoine"]
[Result "1-0"]
[WhiteElo "1009"]
[BlackElo "1099"]
[PlyCount "29"]
[EventDate "2009.??.??"]

1. e4 Nf6 2. e5 Ng8 3. Nf3 e6 4. Nc3 Be7 5. Bc4 Bc5 6. O-O Ne7 7. d3 Bb6 8. Bg5
O-O 9. Bxe7 Qxe7 10. Qe2 Nc6 11. Qe4 a6 12. d4 Nb4 13. a3 Nc6 14. Bd3 Nd8 15.
Qxh7# 1-0

[Event "8eme Open International de La Fere"]
[Site "La Fere (FRA)"]
[Date "2009.07.08"]
[Round "6.62"]
[White "Remy, Camille"]
[Black "Rousseaux, Stephane"]
[Result "1-0"]
[WhiteElo "1500"]
[BlackElo "1099"]
[PlyCount "61"]
[EventDate "2009.??.??"]

1. e4 e6 2. d3 d5 3. exd5 exd5 4. d4 Bd7 5. Nc3 Nf6 6. Nf3 Be7 7. Bg5 h6 8.
Bxf6 gxf6 9. Nxd5 Bd6 10. Be2 a6 11. O-O c6 12. Nc3 Be6 13. Qe1 c5 14. d5 Bd7
15. Bxa6+ Kf8 16. Bd3 Ra5 17. a3 Qb6 18. b3 Nc6 19. dxc6 Bxc6 20. Be4 Bd7 21.
Nd5 Qa7 22. Nxf6 Be6 23. Bxb7 Qxb7 24. Qxa5 Bc7 25. Qxc5+ Kg7 26. Nh5+ Kg6 27.
Nh4+ Kh7 28. Rfe1 Rg8 29. Nf6+ Kg7 30. Rxe6 fxe6 31. Qe7+ 1-0

[Event "8eme Open International de La Fere"]
[Site "La Fere (FRA)"]
[Date "2009.07.08"]
[Round "6.65"]
[White "Henon, Alexandre"]
[Black "Rousseaux, Dorian"]
[Result "1-0"]
[WhiteElo "1030"]
[BlackElo "1009"]
[PlyCount "65"]
[EventDate "2009.??.??"]

1. f4 a5 2. e3 Nf6 3. Bb5 Ra7 4. Nf3 g6 5. Nd4 c6 6. Nxc6 Qc7 7. Nxa7 Ne4 8.
Nxc8 Qxc8 9. Qf3 Bg7 10. Qxe4 O-O 11. Bc4 e6 12. O-O Qd8 13. Qxb7 d6 14. Qe4
Re8 15. Bb5 Re7 16. Nc3 Rb7 17. d4 Qc8 18. Bc6 Nxc6 19. b3 Bf8 20. Nb5 Rxb5 21.
c4 Be7 22. cxb5 Bh4 23. bxc6 Qc7 24. Ba3 Kf8 25. Bxd6+ Qxd6 26. Rac1 h5 27. c7
Qxc7 28. Rxc7 Bd8 29. Rc8 Kg7 30. Rxd8 f6 31. Qxe6 f5 32. Rd7+ Kh8 33. Qe8# 1-0

[Event "8eme Open International de La Fere"]
[Site "La Fere (FRA)"]
[Date "2009.07.09"]
[Round "7.1"]
[White "Manolache, Marius"]
[Black "Goldsztejn, Gildas"]
[Result "1/2-1/2"]
[WhiteElo "2479"]
[BlackElo "2403"]
[PlyCount "66"]
[EventDate "2009.??.??"]

1. d4 Nf6 2. c4 c5 3. d5 e6 4. Nc3 exd5 5. cxd5 d6 6. e4 g6 7. b3 Bg7 8. Nf3 a6
9. Bg5 O-O 10. Bd3 Nbd7 11. O-O b5 12. Re1 Re8 13. Qd2 Bb7 14. Rad1 Qc7 15. a3
c4 16. Bc2 Nb6 17. Bh6 Bh8 18. Be3 Nbd7 19. Bd4 Rad8 20. Qg5 Bg7 21. Qh4 Ne5
22. Nxe5 dxe5 23. Be3 Nh5 24. f3 Nf4 25. Qf2 Rd6 26. Ne2 g5 27. Ng3 Bc8 28. Nf5
Bxf5 29. exf5 Qd8 30. Be4 Nxd5 31. Qd2 Nxe3 32. Qxd6 Nxd1 33. Rxd1 Bf6 1/2-1/2

[Event "8eme Open International de La Fere"]
[Site "La Fere (FRA)"]
[Date "2009.07.09"]
[Round "7.2"]
[White "Nanu, Ciprian-Costica"]
[Black "Riff, Jean-Noel"]
[Result "1/2-1/2"]
[WhiteElo "2535"]
[BlackElo "2505"]
[PlyCount "74"]
[EventDate "2009.??.??"]

1. d4 Nf6 2. Nf3 e6 3. g3 d5 4. Bg2 Be7 5. O-O b5 6. Bg5 Nbd7 7. Qd3 c6 8. Nbd2
h6 9. Bxf6 Bxf6 10. e4 Qb6 11. b4 a5 12. a3 Be7 13. c3 Bb7 14. exd5 cxd5 15.
Nb3 axb4 16. axb4 O-O 17. Nc5 Bc6 18. Nd2 Ra7 19. Rxa7 Qxa7 20. Ndb3 Ra8 21.
Ra1 Qb8 22. Rxa8 Qxa8 23. Na5 Nb6 24. Nxc6 Qxc6 25. Bf1 Nc4 26. Qb1 Qa8 27.
Bxc4 dxc4 28. Qe1 h5 29. h4 Qf3 30. Qe3 Qd5 31. Qe4 Qxe4 32. Nxe4 Kf8 33. f4
Ke8 34. Kf2 Kd7 35. Kf3 f5 36. Nd2 Bf6 37. Nf1 Kd6 1/2-1/2

[Event "8eme Open International de La Fere"]
[Site "La Fere (FRA)"]
[Date "2009.07.09"]
[Round "7.3"]
[White "Gozzoli, Yannick"]
[Black "Gharamian, Tigran"]
[Result "1/2-1/2"]
[WhiteElo "2498"]
[BlackElo "2615"]
[PlyCount "132"]
[EventDate "2009.??.??"]

1. d4 e6 2. c4 Nf6 3. Nf3 c5 4. d5 d6 5. Nc3 exd5 6. cxd5 g6 7. e4 Bg7 8. h3
O-O 9. Bd3 a6 10. O-O b5 11. a3 Nbd7 12. Bf4 Nb6 13. Qd2 Bb7 14. Bh6 Re8 15.
Bxg7 Kxg7 16. b4 Nfd7 17. Nh2 Rc8 18. Ne2 cxb4 19. axb4 Nc4 20. Bxc4 Rxc4 21.
Ng3 h5 22. f3 Qf6 23. Rad1 Rec8 24. Rf2 Rc3 25. Ne2 Rc2 26. Qe3 Ne5 27. f4 Nc4
28. Qa7 Rc7 29. Nf3 Rd7 30. e5 dxe5 31. fxe5 Nxe5 32. Nfd4 Bxd5 33. Rxf6 Rxa7
34. Nxc2 Kxf6 35. Rxd5 a5 36. Rxb5 axb4 37. Nxb4 Nd7 38. Nc6 Rc7 39. Ned4 Nf8
40. Rd5 Kg7 41. Kf2 Nh7 42. Kf3 Kf6 43. Kf4 Nf8 44. Ke4 Nh7 45. Kf4 Nf8 46.
Rd6+ Kg7 47. Ne5 Ra7 48. Rc6 Nd7 49. Nxd7 Rxd7 50. Nf3 Ra7 51. g4 Ra4+ 52. Kg3
hxg4 53. hxg4 Ra7 54. g5 Ra5 55. Rd6 Rf5 56. Kg4 f6 57. Rd7+ Kf8 58. gxf6 Rxf6
59. Nh4 Ke8 60. Ra7 Kd8 61. Kg5 Rf1 62. Nxg6 Rg1+ 63. Kf5 Rf1+ 64. Nf4 Rf2 65.
Ke5 Rf1 66. Ne6+ Ke8 1/2-1/2

[Event "8eme Open International de La Fere"]
[Site "La Fere (FRA)"]
[Date "2009.07.09"]
[Round "7.4"]
[White "Malaniuk, Vladimir P"]
[Black "Degraeve, Jean-Marc"]
[Result "1/2-1/2"]
[WhiteElo "2563"]
[BlackElo "2559"]
[PlyCount "53"]
[EventDate "2009.??.??"]

1. d4 g6 2. e4 Bg7 3. Nf3 d6 4. c3 Nf6 5. Bd3 O-O 6. O-O Nc6 7. h3 e5 8. Re1 h6
9. Na3 Nh5 10. Nc2 a6 11. Bf1 Re8 12. a3 Nf6 13. Bd3 d5 14. exd5 Qxd5 15. Nxe5
Nxe5 16. dxe5 Rxe5 17. Rxe5 Qxe5 18. Qf3 Qd5 19. Qxd5 Nxd5 20. Nb4 Nf6 21. Be3
a5 22. Nc2 c6 23. Rd1 Nd5 24. Bd4 Be6 25. Bxg7 Kxg7 26. Nd4 Nc7 27. Nxe6+
1/2-1/2

[Event "8eme Open International de La Fere"]
[Site "La Fere (FRA)"]
[Date "2009.07.09"]
[Round "7.5"]
[White "Videnova, Iva"]
[Black "Schmidt, Raul"]
[Result "0-1"]
[WhiteElo "2197"]
[BlackElo "2377"]
[PlyCount "140"]
[EventDate "2009.??.??"]

1. e4 e6 2. d4 d5 3. Nc3 Bb4 4. e5 c5 5. a3 Bxc3+ 6. bxc3 Ne7 7. Qg4 cxd4 8.
Qxg7 Rg8 9. Qxh7 Qc7 10. Ne2 Nbc6 11. f4 dxc3 12. Qd3 Bd7 13. Nxc3 a6 14. Rb1
Nf5 15. g4 Rxg4 16. Bh3 Nxe5 17. fxe5 Qxe5+ 18. Ne2 Re4 19. Bxf5 Qxf5 20. Rf1
Qh5 21. Qf3 Qh7 22. Rxb7 Rc8 23. c3 e5 24. Bg5 f5 25. h4 Qg6 26. Kd2 f4 27. Ng3
Re3 28. Qxd5 Bc6 29. Re7+ Kf8 30. Re6 Bxd5 31. Rxg6 Rxg3 32. Bh6+ Ke7 33. Rxg3
fxg3 34. Bg5+ Kd7 35. Rf5 g2 36. Be3 Ke6 37. Rg5 Rc4 38. h5 Rh4 39. Rg6+ Kf5
40. Rg5+ Kf6 41. Rg6+ Kf7 42. Rg5 Be4 43. c4 Kf6 44. Rg3 Rxh5 45. a4 a5 46. Bb6
Rh1 47. Bf2 Ra1 48. c5 Ra2+ 49. Ke1 Rxa4 50. Be3 Ra2 51. Bg5+ Kf5 52. Be3 Bd5
53. Rg5+ Ke4 54. Rg3 a4 55. Bf2 Kf4 56. Rd3 Ra1+ 57. Kd2 Be4 58. Rg3 Ra2+ 59.
Ke1 a3 60. Rc3 Ra1+ 61. Ke2 g1=Q 62. Bxg1 Rxg1 63. Rxa3 Rc1 64. Ra5 Rc2+ 65.
Kd1 Bd3 66. c6 Rxc6 67. Kd2 e4 68. Ra8 Rc2+ 69. Kd1 Ke3 70. Rh8 Rf2 0-1

[Event "8eme Open International de La Fere"]
[Site "La Fere (FRA)"]
[Date "2009.07.09"]
[Round "7.7"]
[White "Piankov, Evgenij"]
[Black "Ahlers, Ben"]
[Result "1-0"]
[WhiteElo "2356"]
[BlackElo "2136"]
[PlyCount "85"]
[EventDate "2009.??.??"]

1. d4 Nf6 2. Nf3 g6 3. Bg5 Bg7 4. Nbd2 c5 5. c3 cxd4 6. cxd4 d5 7. e3 O-O 8.
Bd3 Nc6 9. O-O Qb6 10. Qb3 Qxb3 11. Nxb3 h6 12. Bh4 Ne4 13. Rac1 g5 14. Bg3
Nxg3 15. hxg3 e5 16. dxe5 Nxe5 17. Nxe5 Bxe5 18. Nd4 Be6 19. f4 Bf6 20. Rc7
gxf4 21. gxf4 Bc8 22. Kf2 Bd8 23. Rc5 Be6 24. f5 Bb6 25. Rb5 Bd7 26. Rxd5 Bc6
27. Nxc6 bxc6 28. Rd7 Rad8 29. Rxd8 Rxd8 30. Ke2 Rd6 31. Rc1 Kg7 32. Rc4 Kf6
33. Rg4 Ke5 34. Rg7 Kf6 35. Rh7 Ke7 36. Bc4 Rf6 37. e4 Bc7 38. Rh8 Kd7 39. Ra8
Bb6 40. g4 Bd4 41. b3 Ke7 42. Kf3 Rd6 43. e5 1-0

[Event "8eme Open International de La Fere"]
[Site "La Fere (FRA)"]
[Date "2009.07.09"]
[Round "7.8"]
[White "Sandu, Mihaela"]
[Black "Broekman, Willem"]
[Result "1-0"]
[WhiteElo "2312"]
[BlackElo "2129"]
[PlyCount "93"]
[EventDate "2009.??.??"]

1. e4 e6 2. d4 d5 3. e5 c5 4. c3 Qb6 5. Nf3 Bd7 6. a3 a5 7. Be2 Nc6 8. O-O a4
9. dxc5 Bxc5 10. c4 dxc4 11. Nbd2 Na5 12. Nxc4 Nxc4 13. Bxc4 Bb5 14. Nd2 Ne7
15. Qe2 Bxc4 16. Nxc4 Qa6 17. Qg4 Nf5 18. Bd2 O-O 19. Bc3 Bd4 20. Bxd4 Qxc4 21.
Rfd1 Rac8 22. h3 Rfd8 23. Bb6 Rxd1+ 24. Rxd1 Qb5 25. Qb4 Qxe5 26. Qxa4 h6 27.
b4 Qe2 28. Qd7 Rc2 29. Qd8+ Kh7 30. Qd3 Qxd3 31. Rxd3 Ra2 32. Rd7 Kg6 33. Rxb7
Rxa3 34. Bc5 Rc3 35. Kf1 Rc2 36. Ke1 Nh4 37. Kd1 Rc4 38. g3 Nf3 39. Be3 Ne5 40.
b5 Kf5 41. b6 Rb4 42. Kc2 Ke4 43. Rc7 Nc4 44. b7 Nxe3+ 45. fxe3 f5 46. Kc3 Rb1
47. Rc4+ 1-0

[Event "8eme Open International de La Fere"]
[Site "La Fere (FRA)"]
[Date "2009.07.09"]
[Round "7.9"]
[White "Gozzoli, Cyrille"]
[Black "Bannink, Bernard"]
[Result "0-1"]
[WhiteElo "2125"]
[BlackElo "2277"]
[PlyCount "134"]
[EventDate "2009.??.??"]

1. d4 d5 2. Nf3 Nf6 3. Bf4 c5 4. e3 Nc6 5. c3 Qb6 6. Qb3 c4 7. Qc2 Bf5 8. Qc1
e6 9. h3 Be7 10. Nbd2 h6 11. Be2 Qd8 12. O-O O-O 13. Ne5 Nxe5 14. dxe5 Ne4 15.
Nxe4 Bxe4 16. Bd1 Bd3 17. Re1 f6 18. exf6 Bxf6 19. Be2 e5 20. Bxd3 cxd3 21. Bg3
e4 22. Qd1 Rc8 23. Qb3 Rf7 24. Rad1 Rc6 25. Rd2 a6 26. Rc1 d4 27. exd4 Bg5 28.
Rcd1 Bxd2 29. Rxd2 Qg5 30. Qd1 Rg6 31. h4 Qf5 32. Qe1 b5 33. Qe3 Rg4 34. a4 Rf6
35. axb5 axb5 36. Be5 Rfg6 37. Bg3 Qd5 38. Kh2 Kh7 39. Rd1 Qh5 40. Rd2 Qd5 41.
Rd1 Kh8 42. Rd2 Qh5 43. Kg1 Ra6 44. Qe1 Qd5 45. Kh2 b4 46. Qe3 bxc3 47. bxc3
Ra2 48. f3 Rxd2 49. Qxd2 exf3 50. Qxd3 fxg2 51. Qe3 Qa2 52. Qf3 g1=Q+ 53. Kxg1
Qb1+ 54. Kg2 Rg6 55. Qe2 Qf5 56. c4 Re6 57. Be5 Qg6+ 58. Kh2 Ra6 59. Qg2 Qf7
60. Qe2 Qa7 61. Qg4 Ra2+ 62. Kh3 Qf7 63. Qf4 Ra3+ 64. Kh2 Qxf4+ 65. Bxf4 Ra4
66. c5 Rxd4 67. Kg3 Rc4 0-1

[Event "8eme Open International de La Fere"]
[Site "La Fere (FRA)"]
[Date "2009.07.09"]
[Round "7.10"]
[White "Mulder, Bart-Piet"]
[Black "Noordhoek, Henk"]
[Result "1-0"]
[WhiteElo "2212"]
[BlackElo "2080"]
[PlyCount "55"]
[EventDate "2009.??.??"]

1. d4 Nf6 2. Nf3 g6 3. c4 Bg7 4. g3 O-O 5. Bg2 d5 6. cxd5 Nxd5 7. O-O Na6 8. e4
Nb6 9. Nc3 Bg4 10. d5 Qd7 11. Bf4 Rfd8 12. Qe2 c6 13. h3 Bxf3 14. Qxf3 Nc4 15.
Qe2 cxd5 16. exd5 Rac8 17. Rac1 b5 18. b3 Nd6 19. Bxd6 Rxc3 20. Rxc3 Bxc3 21.
Bxe7 Re8 22. Qd3 Be5 23. d6 Nc5 24. Qd5 Rxe7 25. dxe7 Qxe7 26. Re1 Nd7 27. f4
Bd4+ 28. Kf1 1-0